000 00440nam a2200157Ia 4500
008 210210b2006 xxu||||| |||| 00| 0 eng d
020 _a1 59339 267 2
082 _a032.02 ENCB
100 _aENCYCLOPAEDIA BRITANICA.
245 _aBritannica: learning library.
260 _aNew Delhi
_bEncyclopaedia Britannica (India) Pvt Ltd
_c2006
300 _a575
650 _aGeneral Knowledge
690 _aGeneral Knowledge
906 _a061375
999 _c108461
_d108461